=LDR 00000nam 2200000 4500 =001 NUTBA000000000003868 =005 20150919143905.0 =006 =007 =008 =020 ##$$a 978-979-1446-21-1 =035 ##$$0010-081400000000713 =040 ##$$a NBPDMAT =090 ##$$a 612.015 $b Sar b =100 ##$$a Saryono =245 ##$$a Biokimia reproduksi $b : Untuk kebidanan, keperawatan kedokteran dan kesehatan masyarakat ( kespro ) / $c Saryono S.Kep, M. Kes. =250 ##$$a Cet.4 =260 ##$$a Yogyakarta : $b Mitra Cendikia Press , $c 2011 =300 ##$$a vii, 84 hlm. ; 21 cm. =650 ##$$a Biokimia =850 ##$$a NBPDMAT =990 ##$$a 21408557 =990 ##$$a 0001/BPAP-NTB/20142014 =990 ##$$a 05810581